000 00614nam a2200217Ia 4500
008 101110s9999 xx 000 0 und d
041 _aENGLISH
082 _bSR30911
100 _aAphale S.D.
245 _aElements of logistics management (BMS 3rd year 5th semester)
260 _c--
_bVipul prakashan,Mumbai
300 _a362
365 _b140
520 _aB.M.S.
546 _aENGLISH
630 _aElements of logistics management (BMS 3rd year 5th semester)
650 _aB.M.S.
655 _aB.M.S.
730 _aElements of logistics management (BMS 3rd year 5th semester)
942 _cBOOK
999 _c823414
_d823411